| 000 | 00721nam a2200277 a 4500 | ||
|---|---|---|---|
| 999 |
_c8512 _d8512 |
||
| 001 | 8512 | ||
| 003 | BD-JhCC | ||
| 005 | 20211202134020.0 | ||
| 008 | 180226s1989 nyua 001 0 eng d | ||
| 020 | _a0024092010 | ||
| 035 | _a(BD-JhCC)8512 | ||
| 040 |
_aDLC _cDLC _dDLC |
||
| 041 | _aeng | ||
| 050 | 0 | 0 |
_aQA39.2 _b.S48 1989 |
| 082 | 0 | 0 |
_a510 _219 _bSTE 1989 |
| 100 | 1 | _aSetek, William M. | |
| 245 | 1 | 0 |
_aFundamentals of mathematics / _cWilliam M, Setek, Jr. |
| 250 | _a5th ed. | ||
| 260 |
_aNew York : _bMacmillan, _cc1989. |
||
| 300 |
_axix, 744 p. : _bill. (some col.) ; _c24 cm. |
||
| 500 | _aIncludes index. | ||
| 504 | _aIncludes Index | ||
| 650 | 0 | _aMathematics. | |
| 942 |
_2ddc _cBK _02 |
||